Kavya mimamsa (Record no. 45607)

MARC details
000 -LEADER
fixed length control field 00343nam a2200145Ia 4500
008 - FIXED-LENGTH DATA ELEMENTS--GENERAL INFORMATION
fixed length control field 230917s9999||||xx |||||||||||||| ||und||
040 ## - CATALOGING SOURCE
-- 153422
Original cataloging agency VIVEKANANDA LIBRARY
041 ## - Language
-- English
082 ## - DDC NUMBER
Classification number 891.2109 R137K
100 ## - MAIN ENTRY--PERSONAL NAME
Personal name Rajshekhar
245 #0 - TITLE STATEMENT
Title Kavya mimamsa
260 ## - PUBLICATION, DISTRIBUTION, ETC. (IMPRINT)
Place of publication, distribution, etc Patna
Name of publisher, distributor, etc Bihar Rashtrabhasha Prichey
300 ## - PHYSICAL DESCRIPTION
Pages 344p p.
942 ## - ADDED ENTRY ELEMENTS (KOHA)
Koha item type Books
Holdings
Withdrawn status Lost status Damaged status Not for loan Location (home branch) Sublocation or collection (holding branch) Date acquired Koha issues (times borrowed) Koha full call number Accession No. Koha date last seen Koha item type
        VIVEKANANDA LIBRARY VIVEKANANDA LIBRARY 11/04/2010   891.2109 R137K 112513 17/09/2023 Books
© Designed and Maintained by Vivekananda Library, MDU Rohtak